| 000 | 00830nam a2200241 4500 | ||
|---|---|---|---|
| 001 | 5966 | ||
| 010 | _a9782913165823 | ||
| 090 | _a5966 | ||
| 100 | _a20260408d2002 u||y0frey50 ba | ||
| 101 | _afre | ||
| 200 |
_aLes camarades des frères _bmonographie _etrotskistes et libertaires dans la guerre d'Algérie _fSilvain Pattieu _gpréface de Mohammed Harbi |
||
| 210 |
_cSyllepse _d2002 _eParis |
||
| 215 |
_a229 p. _cill. _d21 cm |
||
| 601 |
_96808 _aFront de libération nationale (FLN) _yAlgérie _z1954- |
||
| 601 |
_96809 _aMouvement national algérien (MNA) |
||
| 606 |
_9428 _aSolidarité internationale |
||
| 606 |
_91109 _aColonialisme |
||
| 606 |
_9590 _aTrotskisme |
||
| 606 |
_9945 _aMouvement libertaire |
||
| 607 |
_91832 _aAlgérie |
||
| 700 |
_96810 _aPattieu _bSylvain |
||
| 702 |
_4080 _96811 _aHarbi _bMohammed |
||
| 801 |
_aCH _bCH-001784-0 |
||